00000000cam 2200000zi 4500
0019.957991
003CaOODSP
00520260604140007
006m     o  d f      
007cr mn|||||||||
008251204t20252025onc     o    f000 0 fre d
020 |a9780660975863
040 |aCaOODSP|bfre|erda|cCaOODSP
043 |an-cn---
0861 |aBT22-294/2025F-PDF
24500|aGroupe de travail sur la productivité dans la fonction publique.
264 1|aOttawa, Ontario : |bSecrétariat du Conseil du trésor du Canada = Treasury Board of Canada Secretariat, |c2025.
264 4|c©2025
300 |a1 ressource en ligne (39 pages)
336 |atexte|btxt|2rdacontent/fre
337 |ainformatique|bc|2rdamedia/fre
338 |aressource en ligne|bcr|2rdacarrier/fre
500 |aPublié aussi en anglais sous le titre : Working group on public service productivity.
500 |a« Publié : le 2025-12-08. »
650 6|aFonction publique|xProductivité|zCanada.
7101 |aCanada. |bConseil du trésor, |eorganisme de publication.
77508|tWorking group on public service productivity.|w(CaOODSP)9.957990
85640|qPDF|s1.02 Mo|uhttps://publications.gc.ca/collections/collection_2026/sct-tbs/BT22-294-2025-fra.pdf
8564 |qHTML|sS.O.|uhttps://www.canada.ca/fr/gouvernement/systeme/rapports-pangouvernementaux-depenses-activites/comites-groupes-travail/apercu-groupe-travail-productivite-fonction-publique.html